| 000 | 01967nam a2200409Ia 4500 | ||
|---|---|---|---|
| 001 | ebr10135490 | ||
| 003 | CaPaEBR | ||
| 006 | m u | ||
| 007 | cr cn||||||||| | ||
| 008 | 040526s2005 nyua sb 001 0 eng d | ||
| 010 | _z 2004050856 | ||
| 020 | _z1403978220 | ||
| 020 | _z1403966419 (pbk. alk. paper) | ||
| 020 | _z1403966400 (alk. paper) | ||
| 040 |
_aCaPaEBR _cCaPaEBR |
||
| 035 | _a(OCoLC)560536082 | ||
| 050 | 1 | 4 |
_aCB427 _b.B75 2005eb |
| 082 | 0 | 4 |
_a306/.0973 _222 |
| 100 | 1 |
_aBrottman, Mikita, _d1966- |
|
| 245 | 1 | 0 |
_aHigh theory/low culture _h[electronic resource] / _cMikita Brottman. |
| 260 |
_aNew York : _bPalgrave Macmillan, _c2005. |
||
| 300 |
_axxix, 157 p. : _bill. |
||
| 504 | _aIncludes bibliographical references and index. | ||
| 505 | 0 | _aIntroduction : popular culture and its critics -- 1. Carnival and chronotope : Bakhtin and style magazines -- 2. Joyful mayhem : Bakhtin and football fans -- 3. Rumor, gossip, and scandal : Barthes and tabloid rhetoric -- 4. "The last stop of desire" : Roland Barthes goes shopping -- 5. Blueprints and bodies : Lacan and the pornographic imagination -- 6. Dark homecomings : Lacan and horror fictions. | |
| 533 |
_aElectronic reproduction. _bPalo Alto, Calif. : _cebrary, _d2009. _nAvailable via World Wide Web. _nAccess may be limited to ebrary affiliated libraries. |
||
| 600 | 1 | 0 |
_aBakhtin, M. M. _q(Mikhail Mikha�ilovich), _d1895-1975. |
| 600 | 1 | 0 | _aBarthes, Roland. |
| 600 | 1 | 0 |
_aLacan, Jacques, _d1901-1981. |
| 650 | 0 |
_aPopular culture _xHistory _y20th century. |
|
| 650 | 0 |
_aCivilization, Modern _y20th century. |
|
| 650 | 0 |
_aPopular culture _zUnited States _xHistory _y20th century. |
|
| 650 | 0 | _aCriticism. | |
| 651 | 0 |
_aUnited States _xCivilization _y20th century. |
|
| 655 | 7 |
_aElectronic books. _2local |
|
| 710 | 2 | _aebrary, Inc. | |
| 856 | 4 | 0 |
_uhttp://site.ebrary.com/lib/rucke/Doc?id=10135490 _zAn electronic book accessible through the World Wide Web; click to view |
| 999 |
_c187869 _d187869 |
||